Russische Zaren und Kaiser - mit Bild - Statistiken

Allgemein
  • Dieses Quiz wurde 87 mal gespielt
  • Das Durchschnittsergebnis liegt bei 8 aus 24
Antwortstatistiken
Bildquiz Hint Antwort % Korrekt
1894-1917 (Romanow-Holstein-Gottorp) Nikolaus II.
70%
1801-1825 (Romanow-Holstein-Gottorp) Alexander I.
59%
1855-1881 (Romanow-Holstein-Gottorp) Alexander II. der Befreier
54%
1881-1894 (Romanow-Holstein-Gottorp) Alexander III.
52%
1682-1725 (Romanow) Peter I. der Große
52%
1547-1584 (Rurikiden) Iwan IV. der Schreckliche
51%
1762-1796 (Romanow-Holstein-Gottorp) Katharina II. die Große
49%
1825-1855 (Romanow-Holstein-Gottorp) Nikolaus I.
46%
1762 (Romanow-Holstein-Gottorp) Peter III.
41%
1725-1727 (Romanow) Katharina I.
40%
1741-1762 (Romanow) Elisabeth
38%
1598-1605 (Godunows) Boris Godunow
37%
1727-1730 (Romanow) Peter II.
33%
1796-1801 (Romanow-Holstein-Gottorp Paul I.
29%
1730-1740 (Romanow) Anna
27%
1584-1598 (Rurikiden) Fjodor I.
17%
1682-1696 (Romanow) Iwan V.
14%
1613-1645 (Romanow) Michael I.
14%
1740-1741 (Romanow) Ivan VI.
11%
1645-1676 (Romanow) Alexei I. der Sanftmütigste
8%
1605-1606 Falscher Dmitri
8%
1676-1682 (Romanow) Fjodor III.
8%
1605 (Godunows) Fjodor II.
6%
1606-1610 (Schuiski) Wassili IV.
6%
Keine übereinstimmenden Quizze gefunden
Verteilung der Resultate
Anzahl Personen mit jedem Resultat
Perzentil nach korrekt beantworteten Fragen
Ihre Resultats-Entwicklung
Sie haben dieses Quiz noch nicht gespielt